00934nabaa22001937a 4500003000400000005001700004008004100021040000700062100002100069245009600090300001500186500003600201505020100237505008900438650002700527650003700554650003600591773011300627OSt20260129004940.0190701b xxu||||| |||| 00| 0 spa d cPJ aButeler, Alfonso13aEl silencio positivo :bprimeras reflexiones a partir de la ley 27.742 /cAlfonso Buteler.  ap. 169-178 aCita: TR LALEY AR/DOC/438/2025  aSumario: I. Introducción.— II. La teoría del silencio.— III. Clases.— IV. Sistemas de configuración.— V. Los efectos del silencio.— VI. El silencio positivo en el sistema federal.  t¿Te interesa el texto completo? Comunicate al correo: koha@justierradelfuego.gov.ar 0aDERECHO ADMINISTRATIVO 0aDECRETOS DE NECESIDAD Y URGENCIA 0aSILENCIO DE LA ADMINISTRACIÓN0 02842dBuenos Aires : AbeledoPerrot, 2012-oDA121tDerecho administrativo. Nº 158 marzo/abril 2025z18510590